| 000 | 00000nam 2200000za 4500 |
| 001 | 9.801472 |
| 003 | CaOODSP |
| 005 | 20221107134815 |
| 007 | cr ||||||||||| |
| 008 | 150407s2015||||xxcao|||o f000 0 eng d |
| 040 | |aCaOODSP|beng |
| 043 | |an-cn--- |
| 086 | 1 |aY9-20/2015E-PDF |
| 110 | 1 |aCanada. |bParliament. |bSenate. |
| 245 | 10|aSenate procedure in practice |h[electronic resource]. |
| 260 | |a[Ottawa] : |bSenate Canada, |c2015. |
| 300 | |axvii, 267 p. :|bill., photographs |
| 500 | |a"June 2015". |
| 500 | |aAlso available in French under title: La procédure du Sénat en pratique. |
| 504 | |aReferences: p. 263-267. |
| 692 | 07|2gccst|aSenate |
| 692 | 07|2gccst|aMethodology |
| 775 | 08|tLa procédure du Sénat en pratique |w(CaOODSP)9.801475 |
| 856 | 40|qPDF|s4.12 MB|uhttps://publications.gc.ca/collections/collection_2015/sen/Y9-20-2015-eng.pdf |